| 000 | 00940nam a2200241 i 4500 | ||
|---|---|---|---|
| 001 | 164653 | ||
| 003 | ES-MaACL | ||
| 005 | 20250714081356.0 | ||
| 008 | 050803s1882 fr | |||||||| ||fre d | ||
| 040 |
_aCAM _bspa _cCAM |
||
| 100 | 1 |
_aSand, George, _d1804-1876 _9103060 |
|
| 245 | 1 | 3 |
_aLa dernière Aldini _b: Myrza, Les visions de la nuit, Georges de Guérin / _cpar George Sand. |
| 250 | _aNouvelle éd. | ||
| 260 |
_aParis : _bCalmann Lévy éditeur, _c1882 ( _eImprimerie de Lagny : _fF. Aureau) |
||
| 300 |
_a296 p. ; _c18 cm. |
||
| 490 | 1 | _aNouvelle collection Michel Lévy | |
| 490 | 1 | _aOeuvres complètes de George Sand | |
| 598 | _aLa primera serie tomada de la cub. original y la segunda de la antep. | ||
| 830 | 0 |
_aNouvelle collection Michel Lévy _9222203 |
|
| 830 | 0 |
_aOeuvres complètes de George Sand _9222364 |
|
| 852 |
_aES-MaACL _jD-1018 _z-- Enc. hol. conservando la cub. original |
||
| 999 |
_c164653 _d164653 |
||